Safest Countries by GPI - 81 to 100 - Statistics

General Stats
  • This quiz has been taken 5 times
  • The average score is 11 of 20
Answer Stats
Rank Country % Correct
88 Bangladesh
80%
92 Thailand
80%
81 Tunisia
80%
96 Algeria
60%
85 Angola
60%
95 Azerbaijan
60%
90 Côte d'Ivoire
60%
99 Cuba
60%
83 Dominican Republic
60%
97 Ecuador
60%
87 Guinea-Bissau
60%
84 Morocco
60%
86 Uzbekistan
60%
82 Equatorial Guinea
40%
93 Gabon
40%
94 Georgia
40%
98 Papua New Guinea
40%
89 Rwanda
40%
91 Tanzania
40%
100 Turkmenistan
20%
No matching quizzes found
Score Distribution
Percent of People with Each Score
Percentile by Number Answered
Your Score History
You have not taken this quiz